Statistics for NBA Dunk Contest, Three Point Contest Winners

Click here to take the quiz!

General Stats

  • This quiz has been taken 45 times
  • The average score is 41 of 69

Answer Stats

ContestAnswerYearTeam% Correct
Dunk ContestMichael Jordan1987Bulls
94%
Dunk ContestMichael Jordan1988Bulls
94%
Three Point ContestStephen Curry2015Warriors
94%
Dunk ContestDwight Howard2008Magic
91%
Dunk ContestVince Carter2000Raptors
91%
Three Point ContestKlay Thompson2016Warriors
88%
Dunk ContestDominique Wilkins1990Hawks
84%
Dunk ContestDominique Wilkins1985Hawks
84%
Dunk ContestGlenn Robinson III2017Pacers
81%
Dunk ContestKobe Bryant1997Lakers
81%
Three Point ContestLarry Bird1987Celtics
81%
Three Point ContestLarry Bird1988Celtics
81%
Three Point ContestLarry Bird1986Celtics
81%
Dunk ContestZach LaVine2015Timberwolves
81%
Dunk ContestZach LaVine2016Timberwolves
81%
Dunk ContestBlake Griffin2011Clippers
78%
Three Point ContestBuddy Hield2020Kings
78%
Dunk ContestDerrick Jones Jr2020Heat
78%
Dunk ContestFred Jones2004Pacers
78%
Three Point ContestJames Jones2011Heat
78%
Three Point ContestKyrie Irving2013Cavaliers
78%
Dunk ContestNate Robinson2006Knicks
78%
Dunk ContestNate Robinson2009Knicks
78%
Dunk ContestNate Robinson2010Knicks
78%
Three Point ContestDevin Booker2018Suns
75%
Three Point ContestDirk Nowitzki2006Mavericks
72%
Dunk ContestJohn Wall2014Wizards
72%
Dunk ContestSpud Webb1986Hawks
72%
Three Point ContestSteve Kerr1997Bulls
72%
Three Point ContestJoe Harris2019Nets
69%
Dunk ContestDonovan Mitchell2018Jazz
66%
Three Point ContestEric Gordon2017Rockets
66%
Dunk ContestJason Richardson2002Warriors
66%
Dunk ContestJason Richardson2003Warriors
66%
Three Point ContestQuentin Richardson2005Suns
66%
Three Point ContestRay Allen2001Bucks
66%
Three Point ContestPeja Stojakovic2003Kings
63%
Three Point ContestPeja Stojakovic2002Kings
63%
Dunk ContestHamidou Diallo2019Thunder
59%
Three Point ContestMark Price1993Cavaliers
56%
Three Point ContestMark Price1994Cavaliers
56%
Three Point ContestPaul Pierce2010Celtics
56%
Dunk ContestGerald Green2007Magic
47%
Three Point ContestJeff Hornacek1998Jazz
47%
Three Point ContestJeff Hornacek2000Jazz
47%
Dunk ContestJosh Smith2005Hawks
47%
Dunk ContestLarry Nance1984Suns
47%
Three Point ContestKevin Love2012Timberwolves
44%
Three Point ContestJason Kapono2008Raptors
41%
Three Point ContestJason Kapono2007Heat
41%
Three Point ContestCraig Hodges1992Bulls
38%
Three Point ContestCraig Hodges1991Bulls
38%
Three Point ContestCraig Hodges1990Bulls
38%
Dunk ContestDee Brown1991Celtics
38%
Three Point ContestGlen Rice1995Heat
38%
Dunk ContestHarold Miner1993Heat
38%
Dunk ContestHarold Miner1995Heat
38%
Dunk ContestTerrence Ross2013Raptors
38%
Dunk ContestBrent Barry1996Clippers
34%
Dunk ContestIsaiah Rider1994Timberwolves
34%
Three Point ContestMarco Belinelli2014Spurs
34%
Dunk ContestCedric Ceballos1992Suns
31%
Three Point ContestVoshon Lenard2004Nuggets
31%
Dunk ContestDesmond Mason2001SuperSonics
28%
Dunk ContestJeremy Evans2012Jazz
28%
Three Point ContestDale Ellis1989SuperSonics
22%
Dunk ContestKenny Walker1989Knicks
22%
Three Point ContestTim Legler1996Bullets
16%
Three Point ContestDaequan Cook2009Heat
9%

Score Distribution

Percentile by Number Answered

Percent of People with Each Score

Your Score History

You have not taken this quiz